[Event "DEM U12/U12w 2013"]
[Site "Oberhof GER"]
[Date "2013.05.21"]
[Round "5"]
[White "Kölz, Niklas"]
[Black "Wübker, Paul-Luca"]
[Result "1/2-1/2"]
[Termination "normal"]
[Board "24"]
[WhiteElo "1629"]
[BlackElo "1479"]
[PlyCount "85"]
[WhiteFideId "12971758"]
[BlackFideId "12939528"]
[EventCountry "GER"]
[EventRounds "11"]
[EventType "swiss"]
[EventDate "2013.05.18"]

1. e4 c5 2. Nf3 d6 3. d4 cxd4 4. Nxd4 Nf6 5. Nc3 a6 6. Be3 e5 7. Nb3 Be6 8. Qd2
Nfd7 9. O-O-O Be7 10. f3 O-O 11. g4 b5 12. h4 b4 13. Nd5 Bxd5 14. exd5 a5 15.
Kb1 Nb6 16. Bxb6 Qxb6 17. h5 h6 18. Be2 Nd7 19. Bd3 Bg5 20. Qe2 Nf6 21. Bf5 a4
22. Nd2 Nxd5 23. Nc4 Qc5 24. Rxd5 Qxd5 25. Be4 Qc5 26. Bxa8 Rxa8 27. Rd1 Rd8
28. Nd2 Bxd2 29. Qxd2 a3 30. g5 hxg5 31. Qxg5 Rc8 32. Qd2 axb2 33. Kxb2 Qc4 34.
Re1 Ra8 35. Ra1 Rc8 36. Rc1 Qc3+ 37. Qxc3 Rxc3 38. Rd1 Rxf3 39. Rxd6 e4 40. Rd4
e3 41. Rxb4 e2 42. Re4 Rf2 43. Re8+ 1/2-1/2

[Event "DEM U12/U12w 2013"]
[Site "Oberhof GER"]
[Date "2013.05.21"]
[Round "5"]
[White "Meyling, Lennart"]
[Black "Groth, Kevin"]
[Result "1-0"]
[Termination "normal"]
[Board "25"]
[WhiteElo "1628"]
[BlackElo "1399"]
[PlyCount "63"]
[WhiteFideId "12947130"]
[BlackFideId "12971804"]
[EventCountry "GER"]
[EventRounds "11"]
[EventType "swiss"]
[EventDate "2013.05.18"]

1. e4 e5 2. Nf3 Nc6 3. d4 exd4 4. Bc4 Be7 5. c3 Nf6 6. e5 Ne4 7. Bd5 Nc5 8.
cxd4 Na6 9. O-O O-O 10. Be4 d6 11. a3 Bg4 12. Qd3 Bxf3 13. Bxf3 Qc8 14. Be4 Kh8
15. e6 h6 16. d5 Nc5 17. Qe3 Ne5 18. f4 Ng4 19. Qh3 Nf6 20. Bf5 fxe6 21. dxe6
Nd5 22. b4 Na6 23. Bg6 Bf6 24. f5 Bxa1 25. Bxh6 Nf6 26. Bg5+ Kg8 27. Bxf6 Rxf6
28. Qh7+ Kf8 29. Qh8+ Ke7 30. Qxg7+ Kd8 31. e7+ Kd7 32. e8=Q# 1-0

[Event "DEM U12/U12w 2013"]
[Site "Oberhof GER"]
[Date "2013.05.21"]
[Round "5"]
[White "Biastoch, Bennet"]
[Black "Reinecke, Katharina"]
[Result "1-0"]
[Termination "normal"]
[Board "26"]
[WhiteElo "1676"]
[BlackElo "1608"]
[PlyCount "97"]
[WhiteFideId "12939889"]
[BlackFideId "12929727"]
[EventCountry "GER"]
[EventRounds "11"]
[EventType "swiss"]
[EventDate "2013.05.18"]

1. e4 c6 2. d4 d5 3. exd5 cxd5 4. c4 Nf6 5. Nc3 e6 6. Nf3 Bb4 7. cxd5 Nxd5 8.
Bd2 Nc6 9. Bd3 Nf6 10. Bg5 Be7 11. O-O O-O 12. a3 Kh8 13. Bc2 g6 14. Bh6 Re8
15. h3 Bf8 16. Qd2 Bxh6 17. Qxh6 Ng8 18. Qf4 Qf6 19. Qe3 Rd8 20. Ne4 Qe7 21.
Neg5 b6 22. Rad1 Nf6 23. Qf4 Kg7 24. Qh4 h6 25. Ne4 Bb7 26. Rfe1 Nxe4 27. Bxe4
Qxh4 28. Nxh4 Rd7 29. d5 Ne5 30. d6 Bxe4 31. Rxe4 f6 32. Nf3 Nxf3+ 33. gxf3 e5
34. f4 Re8 35. fxe5 Rxe5 36. Red4 Re8 37. Kg2 Red8 38. Kf3 Re8 39. Re4 Rxe4 40.
Kxe4 Kf7 41. Kd5 h5 42. Re1 Rd8 43. Kc6 Rc8+ 44. Kb7 Rc2 45. Re7+ Kf8 46. Rc7
Rd2 47. d7 Ke7 48. Kc8 a6 49. d8=Q+ 1-0

[Event "DEM U12/U12w 2013"]
[Site "Oberhof GER"]
[Date "2013.05.21"]
[Round "5"]
[White "Ehmann, Johanna"]
[Black "Köhler, Inken"]
[Result "0-1"]
[Termination "normal"]
[Board "27"]
[WhiteElo "1350"]
[BlackElo "1527"]
[PlyCount "126"]
[WhiteFideId "12953130"]
[BlackFideId "12929301"]
[EventCountry "GER"]
[EventRounds "11"]
[EventType "swiss"]
[EventDate "2013.05.18"]

1. e4 d6 2. d4 Nf6 3. Nc3 c6 4. e5 dxe5 5. dxe5 Qxd1+ 6. Nxd1 Nd5 7. Nf3 Bf5 8.
Bd3 Bxd3 9. cxd3 e6 10. O-O Nd7 11. Ne3 N7b6 12. Bd2 Be7 13. Rac1 Nf4 14. Nc4
Ne2+ 15. Kh1 Nxc1 16. Rxc1 Nxc4 17. Rxc4 O-O-O 18. d4 Rd5 19. Ra4 Kb8 20. h3 h6
21. Rc4 Bd8 22. Bb4 Bc7 23. a4 Rhd8 24. Bc3 Bb6 25. b4 a5 26. bxa5 Bxa5 27. Bb2
Bb6 28. Rb4 Ka7 29. Rc4 Ka6 30. g4 c5 31. dxc5 Bxc5 32. Kg2 b6 33. g5 hxg5 34.
Nxg5 Rd2 35. Ne4 Rxb2 36. Nxc5+ bxc5 37. Rxc5 Rdd2 38. Rc3 Rxf2+ 39. Kg3 Rg2+
40. Kf4 Rbf2+ 41. Ke4 Rc2 42. Rd3 Rc4+ 43. Ke3 Rg3+ 44. Ke2 Rc2+ 45. Kd1 Rxd3+
46. Kxc2 Rxh3 47. Kd2 Ka5 48. Kc2 Kxa4 49. Kd2 Kb4 50. Ke2 Kc4 51. Kd2 Ra3 52.
Ke2 Kd4 53. Kf2 Ke4 54. Kg2 Kf4 55. Kh2 Kg4 56. Kg2 Ra2+ 57. Kf1 Kf3 58. Ke1
Rh2 59. Kd1 Ke3 60. Kc1 Kd3 61. Kb1 Kc3 62. Ka1 Kb3 63. Kb1 Rh1# 0-1

[Event "DEM U12/U12w 2013"]
[Site "Oberhof GER"]
[Date "2013.05.21"]
[Round "5"]
[White "Acikel, Mert"]
[Black "Schulze, Lara"]
[Result "0-1"]
[Termination "normal"]
[Board "28"]
[WhiteElo "1727"]
[BlackElo "1839"]
[PlyCount "94"]
[WhiteFideId "12956465"]
[BlackFideId "12956830"]
[EventCountry "GER"]
[EventRounds "11"]
[EventType "swiss"]
[EventDate "2013.05.18"]

1. e4 c6 2. d4 d5 3. Nc3 dxe4 4. Nxe4 Bf5 5. Nc3 Qc7 6. Nf3 Nf6 7. Bd3 Bxd3 8.
Qxd3 e6 9. O-O Be7 10. Re1 O-O 11. Ng5 h6 12. Nge4 Nbd7 13. Qf3 Rfd8 14. Nxf6+
Nxf6 15. Be3 Rac8 16. Rad1 Nd5 17. Ne4 Nxe3 18. fxe3 f5 19. Nf2 Bd6 20. g3 Qf7
21. c4 e5 22. dxe5 Bxe5 23. Nd3 Bb8 24. Rf1 Rf8 25. b3 Rce8 26. Kg2 Qe6 27. Nc5
Qxe3 28. Qxe3 Rxe3 29. Kf2 Re7 30. Nd7 Rfe8 31. Nxb8 Rxb8 32. Rd6 Rbe8 33. Kg2
Re2+ 34. Kh3 Rxa2 35. Rxf5 Re7 36. Rd3 Rae2 37. Rd6 R2e3 38. c5 Rxb3 39. Kg4
Kh7 40. h4 Ree3 41. h5 Rxg3+ 42. Kh4 Rh3+ 43. Kg4 Rbg3+ 44. Kf4 Rf3+ 45. Ke4
Rxf5 46. Kxf5 Rxh5+ 47. Ke4 Rxc5 0-1

[Event "DEM U12/U12w 2013"]
[Site "Oberhof GER"]
[Date "2013.05.21"]
[Round "5"]
[White "Wendler, David"]
[Black "Cejda, Cecilia"]
[Result "1/2-1/2"]
[Termination "normal"]
[Board "29"]
[WhiteElo "1548"]
[BlackElo "1335"]
[PlyCount "143"]
[WhiteFideId "12938360"]
[BlackFideId "12921122"]
[EventCountry "GER"]
[EventRounds "11"]
[EventType "swiss"]
[EventDate "2013.05.18"]

1. e4 c5 2. d4 cxd4 3. c3 dxc3 4. Nxc3 Nc6 5. Nf3 a6 6. Bc4 d6 7. O-O Nf6 8.
Qe2 e6 9. Rd1 Qc7 10. Bf4 e5 11. Bg5 Be7 12. Rac1 O-O 13. b4 Nxb4 14. Bxf7+
Rxf7 15. Nd5 Qa5 16. Bxf6 Bxf6 17. Qe1 Qxa2 18. Qxb4 a5 19. Qxd6 Bg4 20. Rd2
Qb3 21. Nxf6+ Rxf6 22. Qd5+ Qxd5 23. Rxd5 Bxf3 24. gxf3 Rxf3 25. Rxe5 Rb3 26.
Rcc5 a4 27. Ra5 Rxa5 28. Rxa5 Rb4 29. e5 Re4 30. f3 Rb4 31. e6 Kf8 32. Kf2 Ke7
33. Ke2 Kxe6 34. Kd2 Rb2+ 35. Kd3 Rxh2 36. Rxa4 h5 37. Rb4 h4 38. Rxb7 Kf6 39.
Ke4 h3 40. f4 Rh1 41. Rb6+ Kf7 42. Kf3 Rf1+ 43. Kg3 h2 44. Kxh2 Rxf4 45. Kg3
Rf1 46. Kg4 Rg1+ 47. Kf5 g6+ 48. Kf4 Kg7 49. Rb4 Kh6 50. Rb8 Rf1+ 51. Kg4 Rg1+
52. Kf4 g5+ 53. Kf3 Rf1+ 54. Kg4 Rf4+ 55. Kg3 Rd4 56. Rf8 Kg7 57. Ra8 Rf4 58.
Ra6 Rf6 59. Rxf6 Kxf6 60. Kg4 Kg6 61. Kg3 Kf5 62. Kf3 g4+ 63. Kg3 Kg5 64. Kg2
Kg6 65. Kg3 Kf5 66. Kg2 Kg5 67. Kg3 Kf5 68. Kg2 Kf4 69. Kf2 g3+ 70. Kg1 Kg5 71.
Kg2 Kg4 72. Kg1 1/2-1/2

[Event "DEM U12/U12w 2013"]
[Site "Oberhof GER"]
[Date "2013.05.21"]
[Round "5"]
[White "Lellek, Lewin Louis"]
[Black "Birg, Raphael"]
[Result "0-1"]
[Termination "normal"]
[Board "30"]
[WhiteElo "1276"]
[BlackElo "1542"]
[PlyCount "92"]
[WhiteFideId "12971820"]
[BlackFideId "12971774"]
[EventCountry "GER"]
[EventRounds "11"]
[EventType "swiss"]
[EventDate "2013.05.18"]

1. e4 e5 2. Nf3 Nc6 3. Bc4 Nf6 4. Ng5 d5 5. exd5 Na5 6. Bb5+ c6 7. dxc6 bxc6 8.
Be2 Bd6 9. d3 O-O 10. O-O Bb7 11. Bd2 c5 12. Bf3 Nc6 13. Nc3 Rb8 14. Be3 Nd4
15. Bxb7 Rxb7 16. Bxd4 exd4 17. Nce4 Nxe4 18. Nxe4 f5 19. Nxd6 Qxd6 20. Rb1 f4
21. f3 Re7 22. Re1 Re3 23. c3 Rfe8 24. Rxe3 fxe3 25. Qc2 Qe5 26. Re1 Qf4 27.
Qc1 h5 28. cxd4 Qxd4 29. Qc4+ Kh7 30. Qxd4 cxd4 31. Kf1 Rc8 32. Re2 Kg6 33. g4
hxg4 34. fxg4 Kg5 35. h3 Kf4 36. Kg2 g5 37. a4 Rc1 38. b4 Rd1 39. b5 Rxd3 40.
a5 Rb3 41. b6 axb6 42. Ra2 bxa5 43. Rxa5 Rb2+ 44. Kg1 d3 45. Rf5+ Kg3 46. Kf1
Rb1# 0-1

[Event "DEM U12/U12w 2013"]
[Site "Oberhof GER"]
[Date "2013.05.21"]
[Round "5"]
[White "Petersen, Marcel"]
[Black "Rosenhain, Rachela"]
[Result "1-0"]
[Termination "normal"]
[Board "31"]
[WhiteElo "1582"]
[BlackElo "1335"]
[PlyCount "117"]
[WhiteFideId "12935670"]
[BlackFideId "12957615"]
[EventCountry "GER"]
[EventRounds "11"]
[EventType "swiss"]
[EventDate "2013.05.18"]

1. b3 d5 2. Bb2 c5 3. e3 Nc6 4. Nf3 Bg4 5. Be2 Nf6 6. d4 e6 7. O-O Bd6 8. c4
O-O 9. Nbd2 Qe7 10. Ne5 Bxe2 11. Nxc6 Bxh2+ 12. Kh1 bxc6 13. Qxe2 Bc7 14. g3
cxd4 15. exd4 Nd7 16. Kg2 f6 17. Rh1 e5 18. Rh2 g6 19. Rah1 Rf7 20. Nf3 Kf8 21.
cxd5 cxd5 22. Qc2 Bd6 23. Qxg6 Rg7 24. Qh6 Ke8 25. Re1 Kd8 26. Nh4 Qf8 27. Nf5
Rf7 28. Nxd6 Qxd6 29. dxe5 Qb4 30. Re2 Re7 31. e6 Qd6 32. Bxf6 Nxf6 33. Qxf6
Kc7 34. Qf4 Rd8 35. Rc2+ Kb7 36. Qxd6 Rxd6 37. Re2 d4 38. Rd2 Kb6 39. f4 Rexe6
40. Rxh7 a5 41. f5 Rf6 42. g4 Kc5 43. Rc7+ Kd5 44. Kf3 Rf8 45. Rdc2 Re6 46.
R2c5+ Kd6 47. R7c6+ Kd7 48. Rxe6 d3 49. Rd5+ Kc7 50. Rxd3 Kc8 51. Re7 Kb8 52.
Kf4 Kc8 53. g5 Kb8 54. f6 Kc8 55. Kf5 Kb8 56. g6 Kc8 57. g7 Rxf6+ 58. Kxf6 a4
59. g8=Q# 1-0

[Event "DEM U12/U12w 2013"]
[Site "Oberhof GER"]
[Date "2013.05.21"]
[Round "5"]
[White "Wurst, Maximilian"]
[Black "Liebeck, Eddie"]
[Result "0-1"]
[Termination "normal"]
[Board "32"]
[WhiteElo "1332"]
[BlackElo "1726"]
[PlyCount "98"]
[WhiteFideId "12971812"]
[BlackFideId "12945854"]
[EventCountry "GER"]
[EventRounds "11"]
[EventType "swiss"]
[EventDate "2013.05.18"]

1. e4 e5 2. Nf3 Nc6 3. Bc4 Nf6 4. d3 h6 5. Nc3 Bc5 6. Be3 Bb6 7. Bxb6 axb6 8.
h3 d6 9. d4 exd4 10. Nxd4 Ne5 11. Bb3 Bd7 12. Qe2 Nc6 13. Nxc6 Bxc6 14. O-O-O
Qe7 15. Rhe1 O-O-O 16. f3 Rhf8 17. Rd4 Rde8 18. Ba4 Bxa4 19. Nxa4 Nd7 20. Qb5
Qe5 21. Rd5 Qf4+ 22. Kb1 Re5 23. Nc3 Rxd5 24. Qxd5 Qe5 25. Rd1 Qxd5 26. Rxd5
Nf6 27. Rd4 Re8 28. Nd5 Nxd5 29. Rxd5 Kd7 30. c3 c6 31. Rd2 Ke6 32. b3 b5 33.
Kb2 Rd8 34. Ka3 b6 35. b4 d5 36. f4 Ra8+ 37. Kb3 dxe4 38. g4 f5 39. a3 Re8 40.
c4 g5 41. fxg5 hxg5 42. gxf5+ Kxf5 43. Rf2+ Ke5 44. Kc3 Rh8 45. Rh2 g4 46. h4
Kf4 47. h5 g3 48. Rh4+ Kf3 49. cxb5 cxb5 0-1

[Event "DEM U12/U12w 2013"]
[Site "Oberhof GER"]
[Date "2013.05.21"]
[Round "5"]
[White "Flach, Helene"]
[Black "Fesselier, Chelsea"]
[Result "1/2-1/2"]
[Termination "normal"]
[Board "33"]
[WhiteElo "1272"]
[BlackElo "1416"]
[PlyCount "75"]
[WhiteFideId "12929735"]
[BlackFideId "26024624"]
[EventCountry "GER"]
[EventRounds "11"]
[EventType "swiss"]
[EventDate "2013.05.18"]

1. e4 c5 2. Nf3 e6 3. d4 cxd4 4. Nxd4 Nc6 5. Nb5 d6 6. Bf4 e5 7. Be3 Nf6 8. Bg5
Be7 9. Bxf6 Bxf6 10. Nxd6+ Kf8 11. Nxc8 Qxd1+ 12. Kxd1 Rxc8 13. c3 Rd8+ 14. Ke1
Bg5 15. a4 Ke7 16. Ra2 Rd7 17. b4 Rhd8 18. Be2 Kf8 19. f3 Be3 20. g3 Ne7 21.
Kf1 Ng6 22. Kg2 Rd6 23. h4 h5 24. Re1 Bd2 25. Rd1 Bh6 26. Rxd6 Rxd6 27. Kf2 Ne7
28. a5 Nc6 29. Na3 Rf6 30. Nc4 a6 31. Nb6 Kg8 32. Nd5 Rd6 33. Ra1 g6 34. Rd1
Bf8 35. g4 hxg4 36. fxg4 Kg7 37. g5 Nb8 38. Nf6 1/2-1/2

[Event "DEM U12/U12w 2013"]
[Site "Oberhof GER"]
[Date "2013.05.21"]
[Round "5"]
[White "Grey, Andrea"]
[Black "Möller, Lisa-Marie"]
[Result "0-1"]
[Termination "normal"]
[Board "34"]
[WhiteElo "1157"]
[BlackElo "1492"]
[PlyCount "146"]
[WhiteFideId "12971880"]
[BlackFideId "12959367"]
[EventCountry "GER"]
[EventRounds "11"]
[EventType "swiss"]
[EventDate "2013.05.18"]

1. e4 c5 2. Nf3 a6 3. c3 d5 4. e5 Bg4 5. d4 cxd4 6. cxd4 Nc6 7. Be3 e6 8. Nc3
Nge7 9. Bd3 Qb6 10. Na4 Qb4+ 11. Bd2 Bxf3 12. gxf3 Qxd4 13. Bc3 Qa7 14. b3 d4
15. Bd2 Nxe5 16. Be4 N7c6 17. O-O Be7 18. Rc1 Rc8 19. Rc2 f5 20. Bxc6+ Rxc6 21.
f4 Rxc2 22. Qxc2 Nc6 23. Re1 Kf7 24. Qc4 Nd8 25. Qc7 Nc6 26. Qd7 g6 27. Qxe6+
Kg7 28. Nb2 Qc5 29. Nc4 b5 30. Ne5 Nd8 31. Qd7 Qd6 32. Qa7 Re8 33. Qa8 Qb6 34.
Rc1 Qb7 35. Rc8 Qxa8 36. Rxa8 Bf6 37. Nc6 Re2 38. Nxd8 Bxd8 39. Bb4 Bh4 40.
Bf8+ Kf7 41. a3 d3 42. Bb4 d2 43. Bxd2 Rxd2 44. Rxa6 Bxf2+ 45. Kf1 Be3 46. h3
Rb2 47. b4 Ra2 48. Ke1 Bc1 49. Ra7+ Kg8 50. Ra8+ Kg7 51. Ra7+ Kh6 52. Rb7 Bxa3
53. Rxb5 Rb2 54. Ra5 Bxb4+ 55. Kd1 Bxa5 56. Kc1 Rf2 57. Kd1 Rxf4 58. Ke2 g5 59.
Ke3 Rh4 60. Kd3 Rxh3+ 61. Ke2 g4 62. Kf2 f4 63. Ke2 g3 64. Kf3 Rh2 65. Kxf4 g2
66. Ke5 g1=Q 67. Ke4 Rf2 68. Ke3 Qe1+ 69. Kd4 Rd2+ 70. Kc5 Qc1+ 71. Kb5 Bd8 72.
Ka6 Rb2 73. Ka7 Qa1# 0-1

[Event "DEM U12/U12w 2013"]
[Site "Oberhof GER"]
[Date "2013.05.21"]
[Round "5"]
[White "Steffens, Oliver"]
[Black "Merker, Vivien"]
[Result "1-0"]
[Termination "normal"]
[Board "35"]
[WhiteElo "1432"]
[BlackElo "1255"]
[PlyCount "63"]
[WhiteFideId "12947148"]
[BlackFideId "12927260"]
[EventCountry "GER"]
[EventRounds "11"]
[EventType "swiss"]
[EventDate "2013.05.18"]

1. e4 c5 2. Nf3 Nc6 3. Bb5 g6 4. O-O Bg7 5. Re1 Nf6 6. c3 O-O 7. d4 cxd4 8.
cxd4 d5 9. e5 Ng4 10. h3 Nh6 11. Nc3 e6 12. Be3 Bd7 13. Qd2 Nf5 14. Bg5 Qb6 15.
Bxc6 Bxc6 16. g4 Nxd4 17. Nxd4 Qc7 18. Bf6 a6 19. g5 Rfe8 20. Qf4 b5 21. Rac1
Qb7 22. Nxc6 Qxc6 23. Ne4 Qd7 24. Nd6 Rf8 25. Rc2 a5 26. Rec1 b4 27. Rc7 Qa4
28. Bxg7 Kxg7 29. Qf6+ Kg8 30. Nxf7 Rxf7 31. Qxf7+ Kh8 32. Qg7# 1-0

[Event "DEM U12/U12w 2013"]
[Site "Oberhof GER"]
[Date "2013.05.21"]
[Round "5"]
[White "Recktenwald, Cedric"]
[Black "Poetsch, Leonore"]
[Result "0-1"]
[Termination "normal"]
[Board "36"]
[WhiteElo "1042"]
[BlackElo "1468"]
[PlyCount "76"]
[WhiteFideId "12971928"]
[BlackFideId "12940372"]
[EventCountry "GER"]
[EventRounds "11"]
[EventType "swiss"]
[EventDate "2013.05.18"]

1. e4 e6 2. d4 d5 3. Nc3 Nf6 4. Bg5 Bb4 5. e5 h6 6. exf6 hxg5 7. fxg7 Rg8 8.
Bd3 Qf6 9. a3 Ba5 10. Qd2 a6 11. O-O-O Qxg7 12. Nge2 Bd7 13. Rdg1 Nc6 14. Qe3
O-O-O 15. Na4 Nxd4 16. Qxd4 Qxd4 17. Nxd4 Bxa4 18. Nb3 Bb6 19. Nd2 e5 20. Bf5+
Bd7 21. Bxd7+ Rxd7 22. Re1 f6 23. f3 Re8 24. h4 gxh4 25. Re2 Rh8 26. Nf1 Rdh7
27. Ne3 Bxe3+ 28. Rxe3 Kd7 29. Kd2 Kd6 30. b4 f5 31. Rhe1 e4 32. c4 d4 33. c5+
Ke5 34. R3e2 e3+ 35. Kd3 Rg7 36. Kc4 b5+ 37. Kd3 Rhg8 38. Rg1 h3 0-1

[Event "DEM U12/U12w 2013"]
[Site "Oberhof GER"]
[Date "2013.05.21"]
[Round "5"]
[White "Wolf, Pablo"]
[Black "Bürmann, Theresia"]
[Result "1-0"]
[Termination "normal"]
[Board "37"]
[WhiteElo "1506"]
[BlackElo "1187"]
[PlyCount "63"]
[WhiteFideId "12943894"]
[BlackFideId "12960241"]
[EventCountry "GER"]
[EventRounds "11"]
[EventType "swiss"]
[EventDate "2013.05.18"]

1. e4 d5 2. exd5 Qxd5 3. Nc3 Qa5 4. d4 Nf6 5. Bd2 c6 6. Bc4 Bf5 7. Nf3 e6 8.
O-O Be7 9. h3 Qc7 10. Nh4 Be4 11. Re1 Bd5 12. Bxd5 cxd5 13. Bg5 O-O 14. Re2
Nbd7 15. a3 h6 16. Bxf6 Bxf6 17. Nf3 Rab8 18. a4 a6 19. Qd2 Rbc8 20. Nd1 Qd6
21. Ne3 Rfe8 22. Ng4 Rc7 23. Nfe5 Be7 24. Ra3 Rec8 25. Qc1 f6 26. Nxh6+ Kh7 27.
Nef7 Qb6 28. Rg3 Bf8 29. Qf4 Qxb2 30. Qg4 Qc1+ 31. Kh2 gxh6 32. Qg6# 1-0

[Event "DEM U12/U12w 2013"]
[Site "Oberhof GER"]
[Date "2013.05.21"]
[Round "5"]
[White "Wong, Kar Yan"]
[Black "Nguyen, Ha Thanh"]
[Result "1/2-1/2"]
[Termination "normal"]
[Board "38"]
[WhiteElo "1189"]
[BlackElo "1570"]
[PlyCount "44"]
[WhiteFideId "12971855"]
[BlackFideId "12942154"]
[EventCountry "GER"]
[EventRounds "11"]
[EventType "swiss"]
[EventDate "2013.05.18"]

1. e4 c5 2. Nf3 Nc6 3. d4 cxd4 4. Nxd4 g6 5. Nc3 Bg7 6. Be3 Nf6 7. Bc4 Qa5 8.
O-O O-O 9. Bb3 d6 10. h3 Bd7 11. Re1 Rfe8 12. Nf3 Rac8 13. Bg5 Red8 14. Nd5
Nxd5 15. exd5 Ne5 16. c3 Kh8 17. Bf4 f6 18. Bc2 Nc4 19. Qe2 Nxb2 20. Bxg6 hxg6
21. Qxb2 Qxd5 22. Nh4 Qh5 1/2-1/2

[Event "DEM U12/U12w 2013"]
[Site "Oberhof GER"]
[Date "2013.05.21"]
[Round "5"]
[White "Bureik, Nicolas"]
[Black "Riegel, Arinna"]
[Result "1/2-1/2"]
[Termination "normal"]
[Board "39"]
[WhiteElo "1183"]
[BlackElo "1306"]
[PlyCount "103"]
[WhiteFideId "12971863"]
[BlackFideId "12931446"]
[EventCountry "GER"]
[EventRounds "11"]
[EventType "swiss"]
[EventDate "2013.05.18"]

1. d4 d5 2. Nf3 Bf5 3. g3 e6 4. Bg2 Nf6 5. O-O Be7 6. Bf4 O-O 7. Nbd2 Nbd7 8.
c4 c5 9. Qb3 Qb6 10. dxc5 Qxb3 11. Nxb3 dxc4 12. Na5 Nxc5 13. Nxc4 Rac8 14.
Rac1 Rfd8 15. Nfe5 Be4 16. Bxe4 Nfxe4 17. Rfd1 Nf6 18. Kf1 Nd5 19. b3 Nxf4 20.
gxf4 Bf6 21. Ke1 Bxe5 22. Nxe5 Rxd1+ 23. Rxd1 a5 24. Nd7 Nxd7 25. Rxd7 Rb8 26.
Kd2 Kf8 27. Kc2 Rc8+ 28. Kb2 b6 29. Rb7 Rc6 30. e4 Rd6 31. Ka3 Rd2 32. Rxb6
Rxf2 33. Rb5 Rxf4 34. e5 g6 35. Rxa5 Rh4 36. Rc5 Rxh2 37. b4 Rd2 38. b5 Rd8 39.
Kb4 h5 40. b6 h4 41. b7 Kg7 42. Rc8 Rd1 43. b8=Q Rb1+ 44. Kc3 Rxb8 45. Rxb8 g5
46. Rb4 h3 47. Rb2 g4 48. Rh2 Kg6 49. a4 Kh5 50. a5 Kh4 51. Rh1 g3 52. Re1
1/2-1/2

[Event "DEM U12/U12w 2013"]
[Site "Oberhof GER"]
[Date "2013.05.21"]
[Round "5"]
[White "Watzlawik, Lee David"]
[Black "Schulz, Theresa Charlotte"]
[Result "0-1"]
[Termination "normal"]
[Board "40"]
[WhiteElo "1170"]
[BlackElo "1306"]
[PlyCount "60"]
[WhiteFideId "1270474"]
[BlackFideId "12952206"]
[EventCountry "GER"]
[EventRounds "11"]
[EventType "swiss"]
[EventDate "2013.05.18"]

1. c4 f5 2. Nc3 e6 3. g3 d5 4. cxd5 exd5 5. d4 c6 6. Bg2 Bd6 7. e3 Nf6 8. Nge2
Nbd7 9. O-O O-O 10. Qc2 Ne4 11. Qb3 Kh8 12. a3 g5 13. Nxe4 fxe4 14. Bd2 b6 15.
Rac1 Bb7 16. Bc3 h5 17. Qd1 h4 18. Rc2 hxg3 19. fxg3 Ba6 20. Rxf8+ Qxf8 21. Bh3
Nf6 22. Nc1 Qh6 23. Bf1 Bxf1 24. Qxf1 Ng4 25. Qe2 Qh3 26. Bd2 Rf8 27. Qg2 Qh5
28. Qh1 Rf2 29. Rxc6 Rxh2 30. Rc8+ Kh7 0-1

[Event "DEM U12/U12w 2013"]
[Site "Oberhof GER"]
[Date "2013.05.21"]
[Round "5"]
[White "von Jan, Lena"]
[Black "Christiansen, Sarah"]
[Result "1-0"]
[Termination "normal"]
[Board "41"]
[WhiteElo "1285"]
[BlackElo "1014"]
[PlyCount "105"]
[WhiteFideId "12946060"]
[BlackFideId "12971936"]
[EventCountry "GER"]
[EventRounds "11"]
[EventType "swiss"]
[EventDate "2013.05.18"]

1. e4 e5 2. Nf3 Nc6 3. Bb5 a6 4. Ba4 b5 5. Bb3 Nf6 6. d3 Be7 7. O-O O-O 8. Re1
Bb7 9. Nbd2 d6 10. c3 Qd7 11. Nf1 Rae8 12. Ng3 h6 13. Nf5 Bd8 14. N3h4 d5 15.
h3 Ne7 16. Ng3 c6 17. Nhf5 Bc7 18. Nxh6+ Kh7 19. Nhf5 Rh8 20. Nxe7 Rxe7 21. Bg5
Re6 22. Bxf6 Rxf6 23. Qh5+ Kg8 24. Qe2 Rg6 25. Qf3 Bc8 26. exd5 Kh7 27. Bc2 Kg8
28. dxc6 Rxc6 29. c4 b4 30. Ba4 Bb7 31. Bxc6 Bxc6 32. Qe3 Rh6 33. Rad1 Re6 34.
Qd2 Qe7 35. d4 Rd6 36. Rxe5 Re6 37. Rxe6 Qxe6 38. d5 Qg6 39. dxc6 Qxc6 40. Qd5
Qf6 41. Qa8+ Kh7 42. Qe4+ Kh8 43. Rd4 Bb6 44. Qh4+ Qh6 45. Qxh6+ gxh6 46. Rd5
f6 47. Rd6 Bd4 48. Rxd4 a5 49. c5 Kg7 50. c6 Kg6 51. c7 Kg5 52. c8=Q Kg6 53.
Qg8# 1-0

[Event "DEM U12/U12w 2013"]
[Site "Oberhof GER"]
[Date "2013.05.21"]
[Round "5"]
[White "Reif, Karla"]
[Black "Arnhold, Steffi"]
[Result "0-1"]
[Termination "normal"]
[Board "42"]
[WhiteElo "1165"]
[BlackElo "1273"]
[PlyCount "98"]
[WhiteFideId "12971871"]
[BlackFideId "12931365"]
[EventCountry "GER"]
[EventRounds "11"]
[EventType "swiss"]
[EventDate "2013.05.18"]

1. e4 c5 2. Nf3 d6 3. Nc3 Nf6 4. g3 a6 5. Bg2 e6 6. O-O Be7 7. d3 Nc6 8. Be3
Qc7 9. Re1 O-O 10. Qd2 b5 11. h3 Bb7 12. Bh6 gxh6 13. Qxh6 Ne5 14. Ng5 Ng6 15.
f4 Rab8 16. f5 exf5 17. exf5 Ne5 18. Bxb7 Qxb7 19. Ne2 Nf3+ 20. Nxf3 Qxf3 21.
Qg5+ Kh8 22. Nf4 Rg8 23. Rf1 Qxf1+ 24. Rxf1 Rxg5 25. Kg2 Rgg8 26. Re1 Rbe8 27.
g4 Bd8 28. Ne2 Nd5 29. Kf3 Re3+ 30. Kf2 Bh4+ 31. Kf1 Bxe1 32. Kxe1 Rge8 33. Kf2
Rxe2+ 34. Kg3 R8e3+ 35. Kh4 f6 36. g5 fxg5+ 37. Kxg5 Rg3+ 38. Kh4 Rg1 39. c4
Nf6 40. b3 Rh2 41. cxb5 axb5 42. a4 bxa4 43. bxa4 Nd7 44. a5 Nf8 45. a6 Ra2 46.
d4 cxd4 47. f6 Rxa6 48. f7 Ra3 49. Kh5 Rxh3# 0-1

[Event "DEM U12/U12w 2013"]
[Site "Oberhof GER"]
[Date "2013.05.21"]
[Round "5"]
[White "Walow, Xenia"]
[Black "Reitz, Theresa"]
[Result "1-0"]
[Termination "normal"]
[Board "43"]
[WhiteElo "1271"]
[BlackElo "1113"]
[PlyCount "165"]
[WhiteFideId "12971839"]
[BlackFideId "12971901"]
[EventCountry "GER"]
[EventRounds "11"]
[EventType "swiss"]
[EventDate "2013.05.18"]

1. d4 Nf6 2. Nf3 g6 3. c4 Bg7 4. Nc3 d5 5. Bf4 O-O 6. e3 Nc6 7. Bd3 e6 8. Ne5
Bd7 9. g4 Nxe5 10. dxe5 Ne8 11. g5 c6 12. Qg4 Nc7 13. h4 Qe7 14. h5 Rfe8 15.
Qh4 dxc4 16. Bxc4 Bf8 17. Bd3 Red8 18. hxg6 fxg6 19. Bxg6 Bg7 20. Bxh7+ Kf8 21.
Qg4 Bc8 22. Bg3 Ke8 23. Bg6+ Kf8 24. Qf4+ Kg8 25. Bh7+ Kh8 26. Bf5+ Kg8 27. g6
exf5 28. Bh4 Qe8 29. Bxd8 Qxd8 30. e4 Qf8 31. Qh4 Qe8 32. O-O-O Qxe5 33. exf5
Bxf5 34. Rhe1 Qf6 35. Qxf6 Bxf6 36. Rg1 Kg7 37. a3 Bxg6 38. Rd7+ Kh6 39. Rxc7
Rb8 40. Rh1+ Kg5 41. Rd7 Kf4 42. Rd2 Kf3 43. Kd1 Bg5 44. Rd6 Bf5 45. Rh5 Rg8
46. Ke1 Bg4 47. Rh7 Re8+ 48. Kf1 Rb8 49. Rd3+ Kf4 50. Rf7+ Ke5 51. Rg3 Bc1 52.
Rxg4 Bxb2 53. Re4+ Kd6 54. Rf6+ Kc7 55. Re7+ Kd8 56. Rh7 Ke8 57. Rf8+ Kxf8 58.
Rh8+ Kf7 59. Rxb8 Bxc3 60. Rxb7+ Kf6 61. Rxa7 Bb2 62. Ra6 Kf5 63. a4 c5 64. Rc6
Bd4 65. Ke2 Ke5 66. f3 Kf4 67. a5 Kf5 68. a6 c4 69. Rxc4 Ba7 70. Rc7 Bb6 71. a7
Bxa7 72. Rxa7 Kg5 73. Rf7 Kg6 74. Rf4 Kg7 75. Ke3 Kg8 76. Ke4 Kg7 77. Ke5 Kg8
78. Rf6 Kg7 79. Kf5 Kh7 80. Rg6 Kh8 81. Kf6 Kh7 82. Kf7 Kh8 83. Rh6# 1-0